00393nam a2200145Ia 4500008004100000020001500041041001200056082001600068100001600084245007100100260003300171300000800204650001400212700002100226221030s9999 xx 000 0 und d a8187522038 aEnglish a105.23bPat aR. B. Patel 0aExpert Data Structures With C++cby R. B. Patel, M. M. S. Rauthan bKhanna Pub.aNew Delhic2000 a658 aComputers aM. M. S. Rauthan